Statistics for Super Smash Bros. Ultimate "Lifelight" Lyrics

Click here to take the quiz!

General Stats

  • This quiz has been taken 1,033 times
  • The average score is 236 of 353

Answer Stats

Lyric% Correct
a
96%
to
94%
In
93%
in
93%
of
92%
Colors
90%
light,
90%
light!
90%
Light
90%
we
90%
flame,
89%
flame!
89%
the
88%
into
87%
weave
84%
spire
83%
sparks
82%
sparks,
82%
an
81%
On
81%
on
81%
past,
81%
past
81%
call
79%
Distant
79%
unnamed!
79%
still
78%
day,
77%
day
77%
you
77%
that
76%
end,
75%
end.
75%
night!
75%
night,
75%
soul
75%
undying
75%
when
75%
be
74%
This
74%
this
74%
our
73%
Our
73%
your
73%
And
72%
and
72%
sky
72%
world
72%
away,
71%
fell
71%
torch
71%
came
70%
cold
69%
Search
68%
Bear
66%
dark,
65%
against
64%
reawaken
64%
life
61%
life,
61%
shadows.
61%
As
58%
as
58%
Every
58%
sun
58%
eyes,
57%
Fight!
56%
Fight!!!
56%
rise
56%
Glimmering
54%
time.
54%
time
54%
will
54%
way
53%
way,
53%
struggle.
52%
whisper
52%
Everyone
51%
it
51%
Ultimate
51%
caught
50%
contains
50%
out
49%
between,
47%
guide
47%
No
47%
no
47%
cling
46%
find
46%
From
46%
from
46%
little
46%
Silence
46%
through
46%
beyond
45%
fading
45%
is
45%
spaces
45%
These
45%
souls,
44%
souls!
44%
souls
44%
wind!
44%
ashes
43%
chorus
43%
distance,
43%
grows,
43%
Stretching
43%
then
43%
voice,
43%
Rising
42%
up,
42%
void!
42%
fate
41%
They
41%
change,
40%
flames,
40%
not
40%
Scattering
40%
sight.
39%
Flickering
38%
storms
38%
where
38%
Where
38%
break.
37%
chains
37%
hand,
37%
Hand
37%
made,
37%
New
37%
calls
36%
dwindles
36%
escape,
36%
fan
36%
its
36%
breath.
35%
Did
35%
faintly
35%
first
35%
greater
35%
spins,
35%
unite!
35%
without
35%
Gleaming
34%
stand,
34%
clenched
33%
draws
33%
finally
33%
heat
33%
Here
33%
thread
33%
destiny
32%
Growing
32%
sings
32%
tomorrow!
32%
coals!
31%
coals.
31%
fast!
31%
holds
31%
slowly,
31%
louder
30%
stirring
30%
Stirring
30%
Blossoming
29%
soil
27%
Stepping
27%
reclaimed
26%

Score Distribution

Percentile by Number Answered

Percent of People with Each Score

Your Score History

You have not taken this quiz